000
00272nam a2200097Ia 4500
001
685037
005
20250826161509.0
008
250824s9999 xx 000 0 und d
245
0
_a
SOLMAZ HANIM KİMSESİZ OKURLAR İÇİN/S.İLERİ/EVEREST
_c
SELİM İLERİ
260
_b
EVEREST
999
_c
685037
_d
685037